Property's dirty secrets (Record no. 77705)

MARC details
000 -LEADER
fixed length control field 00978cab a2200193 4500
001 - CONTROL NUMBER
control field ##L134912
008 - FIXED-LENGTH DATA ELEMENTS--GENERAL INFORMATION
fixed length control field 060911n2006 000 0 eng u
035 ## - SYSTEM CONTROL NUMBER
System control number (Sirsi) u134912
041 0# - LANGUAGE CODE
Language code of text/sound track or separate title eng
100 1# - MAIN ENTRY--PERSONAL NAME
Personal name Shepherd, Mark
245 00 - TITLE STATEMENT
Title Property's dirty secrets
260 ## - PUBLICATION, DISTRIBUTION, ETC.
Date of publication, distribution, etc. 2006
490 #0 - SERIES STATEMENT
Series statement Property Week
Volume/sequential designation 71(36) 8 September 2006, 76-79(4)
520 ## - SUMMARY, ETC.
Summary, etc. Examines the ways in which property is used in money laundering operations, and discusses the Treasury's consultation on the implementation of the third European money laundering directive. Highlights the difficulty of judging the success of such legislation when there is no monitoring being undertaken to assess whether property professionals are adhering to the requirements. Discusses RICS' call to be given a role in supervising estate agents.
590 ## - LOCAL NOTE (RLIN)
Local note IKA190906
651 #4 - SUBJECT ADDED ENTRY--GEOGRAPHIC NAME
Geographic name United Kingdom
Chronological subdivision
690 ## - LOCAL SUBJECT ADDED ENTRY--TOPICAL TERM (OCLC, RLIN)
Topical term or geographic name as entry element MANAGEMENT-BUSINESS MANAGEMENT-FINANCIAL MANAGEMENT-ACCOUNTING-MONEY LAUNDERING
942 ## - ADDED ENTRY ELEMENTS (KOHA)
Suppress in OPAC 0
Holdings
Withdrawn status Lost status Source of classification or shelving scheme Damaged status Not for loan Home library Current library Shelving location Date acquired Total Checkouts Full call number Barcode Date last seen Copy number Price effective from Koha item type
    Dewey Decimal Classification     London London Journal article 11/09/2006   L134912 134912-1001 06/08/2019 1 06/08/2019 Journal article